Tea or Tyrant? Quiz Stats

Quiz Updated Mar 4, 2013

Challenge
Share
Tweet
Embed
Score 0/25 Timer 03:00
5 Plays Today
% Correct
English Breakfast
97%
Iced
96.7%
Earl Grey
96.5%
Lipton
96.5%
Jasmine
95.6%
Chamomile
94.8%
Chai
94.7%
Oolong
89.2%
Darjeeling
88%
Ceylon
84%
Tetley
81%
Tazo
75.6%
Pekoe
75.5%
% Correct
Rooibos
71.7%
Yerba Mate
69.4%
Masala
69.4%
Sencha
65.9%
Assam
65.7%
Tisane
58.8%
Keemun
58.7%
Badam
58.4%
Yunnan
52.9%
Pu-erh
49.2%
Nilgiri
47.7%
Kahwah
47%

You're not logged in!

Compare scores with friends on all Sporcle quizzes.
Join for Free
OR
Log In

You Might Also Like...

Show Comments

Extras

Top Quizzes Today


Score Distribution

Your Account Isn't Verified!

In order to create a playlist on Sporcle, you need to verify the email address you used during registration. Go to your Sporcle Settings to finish the process.

Report this User

Report this user for behavior that violates our Community Guidelines.

Details: